Southville International School and Colleges
Your cart is empty.
  • Cart
  • Lists
    Public lists Eva Luna New books Lux_list list_1
    Your lists Log in to create your own lists
  • Log in to your account
  • Your cookies
  • Search history
Southville International School and Colleges
  • Advanced search
  • Recent comments
  • Most popular
  • Libraries

Log in to your account

Log in with GOOGLE


If you do not have an external account, but do have a local account, you can still log in:

  1. Home
  2. MARC view: Frank and the flying machine /
Normal view MARC view ISBD view

Frank and the flying machine / (Record no. 110226)

[ view plain ]
MARC details
000 -LEADER
fixed length control field 00500nam a2200181 a 4500
001 - CONTROL NUMBER
control field 1526
005 - DATE AND TIME OF LATEST TRANSACTION
control field 20140414131852.0
008 - FIXED-LENGTH DATA ELEMENTS--GENERAL INFORMATION
fixed length control field 001116s19uu xx 00 eng d
020 ## - INTERNATIONAL STANDARD BOOK NUMBER
International Standard Book Number 1-85758-187-3
050 ## - LIBRARY OF CONGRESS CALL NUMBER
Classification number M 629.13
Item number C81 1992
100 ## - MAIN ENTRY--PERSONAL NAME
Personal name Corbett, Pie
245 ## - TITLE STATEMENT
Title Frank and the flying machine /
Statement of responsibility, etc Pie Corbett.
260 ## - PUBLICATION, DISTRIBUTION, ETC. (IMPRINT)
Place of publication, distribution, etc London :
Name of publisher, distributor, etc Lett's Educational,
Date of publication, distribution, etc 1992.
300 ## - PHYSICAL DESCRIPTION
Extent 1 v. p. col. ; cm.
500 ## - GENERAL NOTE
General note National Curriculum Key Stae Two.
650 ## - SUBJECT ADDED ENTRY--TOPICAL TERM
Topical term or geographic name as entry element Aeronautics.
Holdings
Withdrawn status Lost status Damaged status Use restrictions Home library Current library Shelving location Date acquired Source of acquisition Total Checkouts Full call number Barcode Date last seen Price effective from Koha item type
        Munich Library Munich Library Main Section 12/22/2004     M 629.13 C81 1992 M0560 04/14/2014 04/14/2014 Books

Frank and the flying machine /

APA

Corbett P., . (1992). Frank and the flying machine. London: Lett's Educational.

Chicago

Corbett Pie, . 1992. Frank and the flying machine. London: Lett's Educational.

Harvard

Corbett P., . (1992). Frank and the flying machine. London: Lett's Educational.

MLA

Corbett Pie, . Frank and the flying machine. London: Lett's Educational. 1992.

  • Place hold
  • Print
  • Cite
  • Add to your cart (remove)
  • Save record
    BIBTEX Dublin Core MARCXML MARC (non-Unicode/MARC-8) MARC (Unicode/UTF-8) MARC (Unicode/UTF-8, Standard) MODS (XML) RIS
  • More searches
    Search for this title in:
    Other Libraries (WorldCat) Other Databases (Google Scholar) Online Stores (Bookfinder.com) Open Library (openlibrary.org)

Exporting to Dublin Core...

SOUTHVILLE LIBRARY

Southville International School and Colleges Library

1281 Tropical Ave. Cor. Luxembourg St., BF Homes International, Las Pinas City

Tel. No. 8256374 / 252358 Loc. 117/146

Powered by Koha